000 00782cab a2200229 4500
001 WB3341-52
008 090401t1997 xxu||||| |||| 00| 0 eng d
035 _a(Sirsi) u81560
041 _aeng
245 _aRules for solicitors relaxed
260 _c1997
350 _a0
490 _aSolicitors` Journal
_v141(39) 17 October 1997, 964(1)
520 _aRules have been relaxed that govern solicitors acting for both parties in a property transaction through a Solicitors Estate Agencies Ltd, following a meeting of the Law Society`s standards and guidance committee.
650 _aCONVEYANCING
650 _aLAW SOCIETY
650 _aSOLICITORS ESTATE AGENCIES LTD
650 _aSOLICITORS
690 _aPROPERTY LAW AND PRACTICE
942 _n0
948 _c21/10/1997
999 _c51392
_d51392